00000000cas 2200000zi 4500
0019.962835
003CaOODSP
00520260525145255
006m     o  d f      
007cr cn ||||||||
008260515d19891991nkcqr p o    f0### 0eng|d
022 |y1180-9353
040 |aCaOODSP|beng|erda|cCaOODSP
043 |an-cn-nk
0861 |aIu2-7E-PDF
24500|aISTC New Brunswick : |ba publication of Industry, Science and Technology Canada.
2463 |aIndustry, Science and Technology Canada New Brunswick
264 1|aMoncton, N.B. : |bIndustry, Science and Technology Canada, |c[1989-1991]
310 |aQuarterly
336 |atext|btxt|2rdacontent
337 |acomputer|bc|2rdamedia
338 |aonline resource|bcr|2rdacarrier
3621 |aBegan with: Vol. 1, no. 1 (March 1989); ceased with: Vol. 2, no. 4 (March 1991).
500 |aIssued also in French under title: ISTC Nouveau-Brunswick.
500 |aDigitized publication from print [produced by Innovation, Science and Economic Development Canada].
588 |aDescription based on: Vol. 1, no. 1 (March 1989); title from PDF caption.
588 |aLatest issue consulted: Vol. 2, no. 4 (March 1991).
61010|aCanada. |bIndustry, Science and Technology Canada|vPeriodicals.
650 0|aBusiness enterprises|zNew Brunswick|vPeriodicals.
655 7|aPeriodicals|2lcgft
7101 |aCanada. |bIndustry, Science and Technology Canada, |eissuing body.
77508|tISTC Nouveau-Brunswick : |w(CaOODSP)9.962834
78500|tISTC New Brunswick/Prince Edward Island : |w(CaOODSP)9.962855